| 000 | 00635nam a2200241Ia 4500 | ||
|---|---|---|---|
| 003 | OSt | ||
| 005 | 20220918202629.0 | ||
| 006 | a|||||r|||| 00| 0 | ||
| 007 | ta | ||
| 008 | 220917b |||||||| |||| 00| 0 eng d | ||
| 024 | _a102,655 | ||
| 037 | _cTextual | ||
| 040 |
_aARTS _cARTS _beng |
||
| 041 |
_2eng _aeng |
||
| 082 | _aV237:261-91:N7, L3 | ||
| 100 | _aBhambhri C P | ||
| 245 | 0 |
_aUrban voter _b municipal elections in Rajasthan |
|
| 260 | _c1973 | ||
| 650 | _aHISTORY | ||
| 700 |
_a Verma P S _9104675 |
||
| 942 |
_hV237:261-91:N7, L3 _cTEXL _2CC |
||
| 999 |
_c226107 _d226107 |
||